[Event "It \"]
[Site "masterchessopen.com Budapest (Hungary)"]
[Round "8"]
[White "Drasko Milan (MNE)"]
[Black "Schaefer Markus (GER)"]
[Result "1-0"]
[WhiteElo "2478"]
[BlackElo "2400"]

1.d4 Nf6 2.c4 g6 3.Nf3 Bg7 4.g3 O-O 5.Bg2 c6 6.O-O d5 7.Nbd2 Ne4 8.e3 Bf5
9.cxd5 cxd5 10.Qb3 Qd7 11.Nxe4 Bxe4 12.Bd2 Nc6 13.Rfc1 Rfc8 14.Ne1 Bxg2
15.Kxg2 h5 16.Nd3 h4 17.Nf4 e6 18.f3 Bh6 19.Qd3 e5 20.dxe5 Nxe5 21.Qxd5 h3+
22.Kf1 Qxd5 23.Nxd5 Rxc1+ 24.Rxc1 Nxf3 25.Nf6+ Kg7 26.Bc3 Ng5 27.Rd1 Rc8
28.Ng4+ Kh7 29.Nxh6 Kxh6 30.Rd4 Ne6 31.Rh4+ Kg5 32.Rxh3 Nc5 33.Rh4 f5 34.Bb4
b6 35.Rc4 Rd8 36.Ke2 Rd5 37.Bxc5 bxc5 38.Ra4 Rd7 39.b3 Kh5 40.Ra6 Rc7 41.Kf3
Kg5 42.h3 Rd7 43.h4+ Kh5 44.Rc6 Rd2 45.a4 Rb2 46.Rxc5 Rxb3 47.Rc7 g5 48.hxg5
Kxg5 49.Rxa7 Rb2 50.a5 Ra2 51.a6 Kf6 52.Ra8 Ra4 53.a7 Kg7 54.g4 {#r} 1-0

[Event "It \"]
[Site "masterchessopen.com Budapest (Hungary)"]
[Round "4"]
[White "Szabolcsi Janos (HUN)"]
[Black "Fette Martin (GER)"]
[Result "0-1"]
[WhiteElo "2382"]
[BlackElo "2380"]

1.d4 Nf6 2.Nf3 g6 3.g3 Bg7 4.Bg2 O-O 5.O-O d5 6.Nbd2 c6 7.c4 Bf5 8.b3 Ne4
9.Bb2 Nd7 10.Nh4 Nxd2 11.Qxd2 Be6 12.e4 dxe4 13.Bxe4 Bh3 14.Rfe1 Re8 15.Bh1 e5
16.d5 Qb6 17.Bc3 c5 18.Re2 Qd6 19.Rae1 Re7 20.f4 Rae8 21.Qb2 exf4 22.Bxg7 Rxe2
23.Rxe2 Rxe2 24.Qxe2 Kxg7 25.gxf4 Qxf4 26.Nf3 Qc1+ 27.Ne1 Qg5+ 28.Bg2 Ne5
29.Kh1 Bg4 30.Qe4 f6 31.d6 b6 32.h3 Bd7 33.Qe2 Qg3 34.Bd5 Qxh3+ 35.Kg1 Qg3+
36.Ng2 Bg4 37.Qd2 Bd7 38.Qe2 h5 39.Qe4 Qg4 {#R} 0-1

[Event "It (open)"]
[Site "masterchessopen.com Dieren (Netherlands)"]
[Round "7"]
[White "Rind Bruce (USA)"]
[Black "De Jong Migchiel (NED)"]
[Result "1-0"]
[WhiteElo "2335"]
[BlackElo "2370"]

1.c4 Nf6 2.Nf3 g6 3.g3 Bg7 4.Bg2 O-O 5.O-O c6 6.d4 d5 7.Nbd2 Bf5 8.b3 Nbd7
9.Bb2 h6 10.Nh4 Be6 11.Qc2 Rc8 12.e4 dxe4 13.Nxe4 Nxe4 14.Qxe4 Nf6 15.Qe3 g5
16.Nf3 Bg4 17.Ne5 Bf5 18.Rad1 Qa5 19.a3 Ng4 20.Nxg4 Bxg4 21.Rd2 Rfe8 22.h3 Bf5
23.Rfd1 e6 24.b4 Qc7 25.Kh2 a5 26.Qb3 axb4 27.axb4 h5 28.d5 exd5 29.Bxg7 Kxg7
30.cxd5 Qe5 31.dxc6 bxc6 32.Rc1 Qf6 33.Qd1 h4 34.Rc5 hxg3+ 35.fxg3 Qg6 36.Rf2
Be4 37.Qc1 Bxg2 38.Rxg5 {#r} 1-0

[Event "It (cat.10)"]
[Site "masterchessopen.com Leon (Spain)"]
[Round "0"]
[White "Todorcevic Miodrag (ESP)"]
[Black "Fernandez Aguado Juan Luis (ESP)"]
[Result "1-0"]
[WhiteElo "2420"]
[BlackElo "2314"]

1.Nf3 Nf6 2.g3 g6 3.Bg2 Bg7 4.d4 d5 5.c4 O-O 6.O-O c6 7.Nbd2 a5 8.b3 a4 9.b4
b5 10.cxb5 cxb5 11.Ne5 Ng4 12.Bb2 Nxe5 13.dxe5 Bb7 14.a3 Nd7 15.f4 Rc8 16.Nf3
Nb6 17.Bd4 Nc4 18.Qd3 Qd7 19.h4 f6 20.Kh2 fxe5 21.fxe5 e6 22.Bh3 Rc6 23.Ng5
Qe8 24.Rxf8+ Bxf8 25.Rf1 Bc8 26.h5 Rc7 27.hxg6 hxg6 28.Rf6 Bg7 29.Bxe6+ Bxe6
30.Rxe6 {#r} 1-0

[Event "Ch World (juniors) (under 20)"]
[Site "masterchessopen.com Mamaia (Romania)"]
[Round "0"]
[White "Jirovsky Milos (CZE)"]
[Black "Pedzich Dominik (POL)"]
[Result "1-0"]
[WhiteElo "2310"]
[BlackElo "2385"]

1.Nf3 Nf6 2.c4 g6 3.g3 c6 4.Bg2 Bg7 5.O-O O-O 6.d4 d5 7.Nbd2 Bf5 8.Qb3 Qb6
9.c5 Qc7 10.Nh4 Bg4 11.f3 g5 12.fxg4 gxh4 13.g5 Ng4 14.Rf4 h5 15.h3 hxg3
16.Nf1 e5 17.Rf5 Nf2 18.Nxg3 Ne4 19.Nxe4 dxe4 20.Bxe4 Nd7 21.Qf3 exd4 22.Qxh5
Qg3+ 23.Kf1 Nxc5 24.Rxc5 f5 25.Bd3 {#r} 1-0

[Event "Ch World (team) (under 26)"]
[Site "masterchessopen.com Maringa (Brazil)"]
[Round "2"]
[White "Toth Christian Endre (BRA)"]
[Black "Wolff Patrick G (USA)"]
[Result "0-1"]
[WhiteElo "2371"]
[BlackElo "2545"]

1.d4 Nf6 2.Nf3 g6 3.c4 Bg7 4.g3 O-O 5.Bg2 c6 6.O-O d5 7.Nbd2 Bf5 8.b3 Nbd7
9.Bb2 Qa5 10.a3 Ne4 11.b4 Qa6 12.Qb3 Nb6 13.c5 Nxd2 14.Nxd2 Qxe2 15.Rad1 Nc4
16.Nxc4 Bc2 17.Qc3 Bxd1 18.Na5 Rab8 19.Qc1 Ba4 20.Re1 Qc2 21.Qxc2 Bxc2 22.Rxe7
Rfe8 {#R} 0-1

[Event "It (open)"]
[Site "masterchessopen.com Philadelphia (USA)"]
[Round "0"]
[White "Shapiro Daniel E (USA)"]
[Black "Salman Joel (USA)"]
[Result "1-0"]
[WhiteElo "2289"]
[BlackElo "2171"]

1.d4 Nf6 2.Nf3 g6 3.c4 Bg7 4.g3 O-O 5.Bg2 d5 6.O-O c6 7.Nbd2 b6 8.b3 Bb7 9.Bb2
Nbd7 10.e3 e6 11.Qe2 Rc8 12.Rac1 Qe7 13.Ne5 Nxe5 14.dxe5 Nd7 15.f4 Ba6 16.e4
dxc4 17.Nxc4 Bxc4 18.Rxc4 c5 19.h4 Rfd8 20.h5 b5 21.Rc2 c4 22.bxc4 Qc5+ 23.Kh2
Nb6 24.hxg6 hxg6 25.f5 Nxc4 26.fxg6 fxg6 27.Qg4 Qe7 28.Bh3 Ne3 29.Qxe6+ Qxe6
30.Bxe6+ Kh7 31.Rxc8 Nxf1+ 32.Kh3 Rxc8 33.Bxc8 Bf8 34.Bc1 Bc5 35.Bd7 Kg7
36.Bg5 Be3 37.Bf6+ Kf7 38.Bxb5 Nd2 39.Bc6 g5 40.Kg4 Nf1 41.Bd5+ Kg6 42.Bd8 Bb6
43.Bxb6 axb6 44.Kf3 Nh2+ 45.Ke3 Nf1+ 46.Kf2 Nh2 47.Ke2 g4 48.Ke3 Kg5 49.e6 Kf6
50.Kf4 Ke7 51.Bc4 Kf6 52.Be2 {#r} 1-0

[Event "It \"]
[Site "masterchessopen.com Spain"]
[Round "3"]
[White "Cipres Auseron Ignacio (ESP)"]
[Black "Fernandez-Urrutia Polo Luis (ESP)"]
[Result "1-0"]
[WhiteElo "2132"]
[BlackElo "2107"]

1.d4 Nf6 2.Nf3 g6 3.g3 Bg7 4.Bg2 O-O 5.O-O d5 6.c4 c6 7.Nbd2 Nbd7 8.b3 e5
9.dxe5 Ng4 10.Ba3 Re8 11.cxd5 cxd5 12.Rc1 Ndxe5 13.h3 Nxf3+ 14.Nxf3 Nf6 15.Bb2
Be6 16.Nd4 Qd7 17.Nxe6 Qxe6 18.e3 Ne4 19.Bxg7 Kxg7 20.Qd4+ Nf6 21.Rfd1 b6
22.Bxd5 Qxd5 23.Qxd5 Nxd5 24.Rxd5 Rec8 25.Rxc8 Rxc8 26.Rd7 a5 27.Rb7 Rc6 28.h4
Kf6 29.Kg2 h5 30.Kf3 Ke6 31.a4 f5 32.Kf4 Kd5 33.Kg5 Ke4 34.Rg7 Rc3 35.Rxg6
Rxb3 36.Kxh5 b5 37.axb5 Rxb5 38.Ra6 f4+ 39.Kg6 f3 40.Rf6 {#r} 1-0

[Event "It (open) \"]
[Site "masterchessopen.com Stockholm (Sweden)"]
[Round "3"]
[White "Lindberg Bengt (SWE)"]
[Black "Andersson Bjorn (SWE)"]
[Result "0-1"]
[WhiteElo "2414"]
[BlackElo "2319"]

1.Nf3 d5 2.g3 Nf6 3.Bg2 g6 4.O-O Bg7 5.d4 O-O 6.c4 c6 7.Nbd2 Bf5 8.b3 Nbd7
9.Bb2 e6 10.Nh4 g5 11.Nxf5 exf5 12.Qc2 Ne4 13.Rad1 Qe7 14.Kh1 Rfe8 15.f3 Nxd2
16.Rxd2 f4 17.gxf4 gxf4 18.Qf5 Qd6 19.Bh3 Nf8 20.c5 Qh6 21.Rg1 Ng6 22.Bg4 Re7
23.Qh5 Rae8 24.Qxh6 Bxh6 25.Rg2 Nh4 26.Rf2 Kg7 27.Kg1 f5 28.Bh3 Kf6 29.Kf1 Rg8
30.Rc2 Reg7 31.Ke1 Rg1+ 32.Kd2 Ng2 33.Bxg2 R8xg2 34.Rxg2 Rxg2 35.h4 Rh2 36.b4
a6 37.a4 Rxh4 38.b5 axb5 39.axb5 Rh5 40.Bc3 Rg5 41.bxc6 bxc6 42.Ra2 Rg6 43.Ra7
Bg7 44.Ba5 Kg5 45.Bd8+ Kh6 46.Kd3 Bf6 47.Bc7 Kg5 48.Bd6 h5 49.Rc7 Rg7 50.Rxc6
Ra7 51.Bxf4+ Kxf4 52.Rxf6 h4 53.Rh6 Kg3 54.c6 h3 55.e4 dxe4+ 56.fxe4 f4 57.d5
f3 58.Rg6+ Kf2 59.d6 h2 60.Rh6 Kg3 61.Rxh2 Ra3+ 62.Kc2 Kxh2 63.d7 f2 64.d8=Q
f1=Q 65.Qd6+ Rg3 66.c7 Qc4+ 67.Kb2 Qc3+ 68.Kb1 Kg2 69.Qb6 Rd3 70.Qg6+ Rg3
71.Qb6 Kf3 72.e5 Qe1+ 73.Kc2 Rg2+ 74.Kb3 Qb1+ {#R} 0-1

[Event "Ch Uruguay"]
[Site "masterchessopen.com Uruguay"]
[Round "0"]
[White "Izquierdo Daniel (URU)"]
[Black "Escofet Jaime (URU)"]
[Result "1-0"]
[WhiteElo "2281"]
[BlackElo "2056"]

1.Nf3 Nf6 2.d4 g6 3.c4 Bg7 4.g3 c6 5.Bg2 d5 6.O-O O-O 7.Nbd2 Bf5 8.b3 Nbd7
9.Nh4 Ne4 10.Nxe4 dxe4 11.Nxf5 gxf5 12.Bb2 e6 13.Qd2 a5 14.Rad1 Nf6 15.Bh3 Kh8
16.Rb1 a4 17.Bc3 b5 18.e3 axb3 19.axb3 Qd7 20.Qb2 Ne8 21.Ra1 Rb8 22.Qa3 Nc7
23.Qc5 Ra8 24.Rxa8 Rxa8 25.Ra1 Rxa1+ 26.Bxa1 Kg8 27.Qa7 Qc8 28.Bc3 bxc4
29.bxc4 Ne8 30.Bf1 Nd6 31.c5 Qb7 32.Qa6 Qxa6 33.Bxa6 Ne8 34.Bb7 Nc7 35.Bxc6
Na6 36.Ba5 {#r} 1-0

[Event "It (cat.9)"]
[Site "masterchessopen.com Vrnjacka Banja (Serbia)"]
[Round "0"]
[White "Drasko Milan (MNE)"]
[Black "Marinkovic Slavisa (SRB)"]
[Result "1-0"]
[WhiteElo "2478"]
[BlackElo "2414"]

1.d4 Nf6 2.c4 g6 3.Nf3 Bg7 4.g3 c6 5.Bg2 O-O 6.O-O d5 7.Nbd2 Ne4 8.e3 Nxd2
9.Nxd2 Na6 10.Qe2 Be6 11.Rd1 Rc8 12.b3 c5 13.Bb2 cxd4 14.Bxd4 Bxd4 15.exd4 Nb4
16.Nf1 dxc4 17.d5 Bf5 18.bxc4 Qd6 19.Ne3 Bd7 20.Qb2 b6 21.Qa3 Rc7 22.Rab1 a5
23.Rb3 Rb8 24.Rdb1 Rcb7 25.c5 Qxc5 26.d6 Qxd6 27.Bxb7 Rxb7 28.Qb2 Be6 29.Rd1
Qb8 30.Rc3 Na6 31.Rcd3 {#r} 1-0

[Event "Ch France (team)"]
[Site "masterchessopen.com France"]
[Round "0"]
[White "Szabolcsi Janos (HUN)"]
[Black "Basart Josep Maria (ESP)"]
[Result "1-0"]
[WhiteElo "2382"]
[BlackElo "2245"]

1.d4 Nf6 2.Nf3 g6 3.g3 Bg7 4.Bg2 O-O 5.O-O d5 6.Nbd2 c6 7.c4 Bf5 8.b3 Ne4
9.Bb2 Nd7 10.Nh4 Nxd2 11.Qxd2 Be6 12.e4 dxe4 13.Bxe4 Bh3 14.Rfe1 Nb6 15.Rad1
e6 16.Qe2 Re8 17.Ng2 Bxg2 18.Bxg2 a5 19.Bc3 Qc7 20.Qd2 Nc8 21.h4 h5 22.d5 Bxc3
23.Qxc3 cxd5 24.Bxd5 Nd6 25.Bf3 Nf5 26.Qe5 Rac8 27.Kg2 a4 28.Qb5 axb3 29.axb3
b6 30.Rd7 Qc5 31.Re5 Qxb5 32.Rxb5 Rb8 33.Be4 Ne7 34.Bb7 {#r} 1-0

[Event "Bundesliga 1991/92"]
[Site "masterchessopen.com Germany"]
[Round "0"]
[White "Stern Rene (GER)"]
[Black "Voekler Bernd (GER)"]
[Result "1-0"]
[WhiteElo "2506"]
[BlackElo "2374"]

1.d4 Nf6 2.c4 g6 3.g3 c6 4.Nf3 Bg7 5.Bg2 d5 6.Nbd2 O-O 7.O-O Ne4 8.b3 f5 9.Bb2
e6 10.Ne5 Nd7 11.Ndf3 Qb6 12.c5 Qc7 13.Nd3 g5 14.b4 h6 15.Qc2 Ndf6 16.Nfe5 Nh5
17.f3 Nef6 18.Rae1 Nd7 19.e4 Nxe5 20.dxe5 Qf7 21.exf5 exf5 22.f4 g4 23.Nc1 Bh8
24.Nb3 Ng7 25.Rf2 Ne6 26.b5 Bd7 27.a4 Bg7 28.Bf1 Kh7 29.Bd3 Kg6 30.h3 h5
31.hxg4 hxg4 32.Qe2 Kh7 33.Qxg4 Kg8 34.Qh3 Qg6 35.Rg2 b6 36.bxc6 Bxc6 37.Nd4
Nxd4 38.Bxd4 Bxa4 39.g4 Qh6 40.Qxh6 Bxh6 41.gxf5+ Kf7 42.e6+ {#r} 1-0

[Event "Bundesliga 1991/92"]
[Site "masterchessopen.com Germany"]
[Round "0"]
[White "Wichmann Cliff (GER)"]
[Black "Pfeiffer Peter"]
[Result "1-0"]
[WhiteElo "2364"]
[BlackElo "2150"]

1.d4 Nf6 2.g3 d5 3.Nf3 g6 4.Bg2 Bg7 5.O-O O-O 6.Nbd2 c6 7.c4 dxc4 8.Nxc4 Be6
9.Nce5 h6 10.b3 Qa5 11.Bb2 Nbd7 12.a3 Qb6 13.Nd2 Nxe5 14.dxe5 Ng4 15.Nf3 Bxb3
16.Qc1 Bd5 17.Rb1 Qc7 18.Qf4 Bxf3 19.exf3 Nxe5 20.Bxe5 Qxe5 21.Qb4 c5 22.Qxb7
Rfb8 23.f4 Rxb7 24.fxe5 Rxb1 25.Rxb1 Rc8 26.f4 c4 27.Rc1 c3 28.Be4 e6 29.Bc2
Bf8 30.a4 g5 31.Kf2 gxf4 32.gxf4 Ba3 33.Ra1 Bc5+ 34.Ke2 Kf8 35.Rb1 h5 36.a5
Rd8 37.Bd3 h4 38.h3 Rd4 39.Rb5 Be7 40.Rb3 Rxf4 41.Rxc3 Bd8 42.Rc8 Rd4 43.Ke3
Rd5 44.Bc4 Rxe5+ 45.Kf4 Rf5+ 46.Kg4 Ke7 47.a6 Kd7 48.Rb8 Bc7 49.Bb5+ Kd6
50.Rb7 Bb6 51.Rxb6+ axb6 52.a7 Rxb5 53.a8=Q Rb4+ 54.Kf3 Ke5 55.Qa1+ Kf5 56.Qc1
Rb3+ 57.Kg2 Rg3+ 58.Kh2 Kg6 59.Qb1+ Kh6 60.Qxb6 Rf3 61.Qd4 Rf5 62.Qxh4+ Kg6
63.Qe4 Kh6 64.h4 Rd5 65.Kg3 Rh5 66.Qf4+ Kg6 67.Qg4+ Kh6 68.Qg8 Rf5 69.Kg4 {#r}
1-0

[Event "Oberliga North 1991/92"]
[Site "masterchessopen.com Germany"]
[Round "-57"]
[White "Jordan William (AUS)"]
[Black "Dettmann Holger (GER)"]
[Result "1-0"]
[WhiteElo "2275"]
[BlackElo "2023"]

1.d4 Nf6 2.Nf3 g6 3.g3 Bg7 4.Bg2 O-O 5.O-O d5 6.c4 c6 7.Nbd2 Nbd7 8.b3 Re8
9.Bb2 b5 10.e3 Ba6 11.Qc2 Rc8 12.c5 b4 13.Rfe1 Qc7 14.a3 bxa3 15.Rxa3 Bb5
16.Bf1 Ng4 17.Bxb5 cxb5 18.b4 Nb8 19.h3 Nh6 20.Ne5 f6 21.Nd3 Nc6 22.Qb3 Qd7
23.Nf4 e6 24.e4 Nf7 25.exd5 exd5 26.Rxe8+ Rxe8 27.Qxd5 Qc8 28.Re3 Nxb4 29.Qb3
a5 30.Ba3 Rxe3 31.fxe3 g5 32.Ne6 a4 33.Qxb4 Qxe6 34.Nf1 Qc6 35.Qd2 f5 36.d5
Qa8 37.c6 Ne5 38.Qb4 Nf3+ 39.Kf2 g4 40.hxg4 fxg4 41.Qxg4 Ne5 42.Qe6+ Kh8 43.c7
Nd3+ 44.Kg1 {#r} 1-0

[Event "It (open)"]
[Site "masterchessopen.com Goch (Germany)"]
[Round "4"]
[White "Zaksauskaite Daiva (LTU)"]
[Black "Eshuis H"]
[Result "1-0"]
[WhiteElo "2110"]
[BlackElo "1905"]

1.d4 d5 2.c4 c6 3.g3 Nf6 4.Bg2 g6 5.Nf3 Bg7 6.O-O O-O 7.Nbd2 Nbd7 8.Qc2 Re8
9.b3 Nf8 10.Bb2 Bf5 11.Qd1 Ne4 12.Rc1 dxc4 13.Nxc4 Nd6 14.Nce5 f6 15.Nd3 Bxd3
16.Qxd3 Qa5 17.Qb1 e5 18.dxe5 fxe5 19.Rfd1 Rad8 20.Qa1 Re7 21.e3 Rdd7 22.Bc3
e4 23.Bxa5 Bxa1 24.Rxa1 exf3 25.Bxf3 Nf5 26.Bb4 Rxd1+ 27.Rxd1 Rd7 28.g4 Nh4
29.Be2 Rxd1+ 30.Bxd1 g5 31.Be2 Nd7 32.Bc4+ Kg7 33.Bc3+ Kf8 34.Be6 Ne5 35.Bxe5
Nf3+ 36.Kg2 Nxe5 37.f4 Ke7 38.Bf5 Nf7 39.Bxh7 {#r} 1-0

[Event "Ch Uruguay"]
[Site "masterchessopen.com Montevideo (Uruguay)"]
[Round "1"]
[White "Lamas Pedro (URU)"]
[Black "Escandon Federico (URU)"]
[Result "1-0"]
[WhiteElo "2170"]
[BlackElo "2145"]

1.Nf3 Nf6 2.g3 g6 3.Bg2 c6 4.O-O Bg7 5.d4 O-O 6.c4 d5 7.Nbd2 Na6 8.b3 c5 9.Bb2
dxc4 10.Nxc4 Be6 11.Nfe5 Bd5 12.f3 Bxc4 13.bxc4 Nd7 14.f4 Nxe5 15.dxe5 Rb8
16.Qb3 Qc8 17.Rad1 Nb4 18.Rd2 Qc7 19.Rfd1 Rfe8 20.Rd7 Qc8 21.Qa4 a6 22.Bxb7
Rxb7 23.Rxb7 Bf8 24.Rdd7 Rd8 25.a3 Rxd7 26.Qxd7 {#r} 1-0

[Event "It (w)"]
[Site "masterchessopen.com Simferopol/Alushta (Ukraine)"]
[Round "0"]
[White "Alieva Elmira (AZE)"]
[Black "Struchkova Svetlana (UKR)"]
[Result "0-1"]
[WhiteElo "2043"]
[BlackElo "2321"]

1.d4 Nf6 2.c4 g6 3.Nf3 Bg7 4.g3 c6 5.Bg2 d5 6.O-O O-O 7.Nbd2 Ne4 8.e3 Bf5
9.Qb3 Qb6 10.cxd5 Qxb3 11.Nxb3 cxd5 12.Ne5 Nd7 13.f3 Nef6 14.e4 Be6 15.Nxd7
Nxd7 16.e5 Bf5 17.f4 e6 18.Bd2 Rfc8 19.Rfc1 Bd3 20.Bb4 Bf8 21.Bxf8 Kxf8 22.Na5
b6 23.Nb7 f6 24.Nd6 Rxc1+ 25.Rxc1 Ke7 26.Rc3 Bb1 27.a3 g5 28.Bf1 a6 29.a4 Bg6
30.Rc6 gxf4 31.gxf4 fxe5 32.fxe5 Rg8 33.Kf2 Rf8+ 34.Ke1 Rf4 35.Bxa6 Rxd4
36.Rc7 Kd8 37.Ra7 Nxe5 38.Bb5 Bd3 39.Be8 Bg6 40.Bxg6 hxg6 41.Ra8+ Kd7 42.Nb5
Re4+ 43.Kd1 Ke7 44.Ra7+ Kf6 45.Nd6 Rh4 46.Ne8+ Kg5 47.Re7 Nd3 48.Rxe6 Nxb2+
49.Kc1 Nxa4 50.Re5+ Kh6 51.Rxd5 Rxh2 52.Nd6 Rf2 53.Rd4 Nc5 54.Rh4+ Kg5 55.Rh8
Rf6 56.Nb5 Kf4 57.Rd8 g5 58.Nc3 Kf3 59.Nd5 Rg6 60.Rf8+ Ke4 61.Nc3+ Kd3 62.Kb2
g4 63.Rd8+ Kc4 {#R} 0-1

[Event "It (open) \"]
[Site "masterchessopen.com Bratislava (Slovakia)"]
[Round "0"]
[White "Heinrich Jan (SVK)"]
[Black "Kasanicky Richard (SVK)"]
[Result "1-0"]
[WhiteElo "2099"]
[BlackElo "2177"]

1.d4 Nf6 2.Nf3 g6 3.g3 Bg7 4.Bg2 O-O 5.O-O d5 6.c4 c6 7.Nbd2 b6 8.b3 Nbd7
9.Bb2 Bb7 10.e3 Rc8 11.Ne5 e6 12.f4 c5 13.Rc1 Re8 14.Rf2 Rc7 15.h3 Qe7 16.Ba3
Rec8 17.g4 Qd8 18.Qe1 Ne8 19.Bb2 f6 20.Nd3 Nd6 21.dxc5 Nxc5 22.Nxc5 bxc5
23.Rd1 Rd7 24.cxd5 exd5 25.Nb1 Ne8 26.Rfd2 Nc7 27.Na3 Bc6 28.Nc2 Ba8 29.Qf2
Kh8 30.f5 g5 31.h4 Qf8 32.hxg5 fxg5 33.f6 Bh6 34.Rf1 Qf7 35.Qf5 Rcd8 36.Bh1
Ne6 37.Ne1 Bf8 38.Nf3 Bd6 39.Be5 Bf8 40.Rh2 Bc6 41.Nxg5 Nxg5 42.Qxg5 Bd6
43.Bxd6 Rxd6 44.Qf4 Re6 45.g5 Rg8 46.Rh6 Ree8 47.Kf2 Bb5 48.Rg1 d4 49.e4 Rg6
50.Bf3 {#r} 1-0

[Event "It (b)"]
[Site "masterchessopen.com Budapest (Hungary)"]
[Round "0"]
[White "Korpics Zsolt (HUN)"]
[Black "Orosz Andras (HUN)"]
[Result "0-1"]
[WhiteElo "2319"]
[BlackElo "2233"]

1.d4 Nf6 2.c4 g6 3.Nf3 Bg7 4.g3 d5 5.Bg2 O-O 6.O-O c6 7.Nbd2 Ne4 8.Qb3 a5 9.e3
a4 10.Qb4 Nd6 11.Ne5 Be6 12.c5 Nb5 13.Ndf3 f6 14.Nd3 Bf5 15.Rd1 Be4 16.Nde1
Qc7 17.Bf1 Na6 18.Qxa4 Nxc5 19.Qb4 Na6 20.Qb3 Nd6 21.Bd2 Kh8 22.Bc3 Qd7 23.Nd2
Bf5 24.Nd3 Bxd3 25.Bxd3 e5 26.Qc2 exd4 27.exd4 Rfe8 28.Nb3 Nc7 29.Bf1 Ne6
30.Bb4 Ne4 31.Bg2 f5 32.f3 Nd6 33.Bc3 Nc4 34.Re1 Bf6 35.a3 Qg7 36.Rad1 Nd6
37.Kh1 Nb5 38.Qd2 Nbxd4 39.Nxd4 Nxd4 40.Rxe8+ Rxe8 41.Re1 Ne6 42.f4 Bxc3
43.bxc3 Qf6 44.Qb2 Re7 45.Qb4 Nc5 46.Rxe7 Qxe7 47.h4 Kg7 48.Qd4+ Kh6 49.a4 Ne4
50.Kh2 Qf6 51.Qb6 Qxc3 52.Bxe4 dxe4 53.Qxb7 Qd2+ 54.Kh3 Qd1 55.Kh2 Qe2+ 56.Kh1
Qf1+ 57.Kh2 Qf2+ 58.Kh3 Qg1 59.Qb2 e3 60.Qg2 Qd1 {#R} 0-1

[Event "It (open)"]
[Site "masterchessopen.com Cappelle la Grande (France)"]
[Round "1"]
[White "Whiteley Andrew J (ENG)"]
[Black "Gerard Nicolas (FRA)"]
[Result "1-0"]
[WhiteElo "2280"]
[BlackElo "2266"]

1.d4 Nf6 2.c4 g6 3.Nf3 Bg7 4.g3 c6 5.Bg2 d5 6.Nbd2 O-O 7.O-O Ne4 8.b3 Nxd2
9.Qxd2 Qd6 10.a4 Bf5 11.Ba3 Qd8 12.Qb4 b6 13.cxd5 cxd5 14.Rac1 Re8 15.Ne5 e6
16.Qd6 Qf6 17.Qc7 Qd8 18.Qxf7+ Kh8 19.Rc7 Rg8 20.Qxf5 {#r} 1-0

[Event "Bundesliga (2nd) South 1992/93"]
[Site "masterchessopen.com Germany"]
[Round "0"]
[White "Schulze Eberhard (GER)"]
[Black "Seelinger Lorenz (GER)"]
[Result "0-1"]
[WhiteElo "2210"]
[BlackElo "2237"]

1.Nf3 Nf6 2.g3 g6 3.Bg2 Bg7 4.O-O d5 5.d4 O-O 6.c4 c6 7.Nbd2 a5 8.b3 Bf5 9.Bb2
Ne4 10.Nh4 Nxd2 11.Qxd2 Be6 12.Rac1 a4 13.Ba1 axb3 14.axb3 Qb6 15.e3 Ra3 16.c5
Qb5 17.b4 Na6 18.Bc3 Ra8 19.Bf3 Nc7 20.Be2 Qa4 21.Bb2 Ra2 22.Bd1 Qa3 23.Rc2
Qa6 24.Bc3 Bh3 25.Be2 Qa4 26.Rxa2 Qxa2 27.Ra1 Qxa1+ 28.Bxa1 Rxa1+ 29.Bd1 g5
30.Nf3 Nb5 31.Nxg5 Nc3 {#R} 0-1

[Event "Bundesliga 1992/93"]
[Site "masterchessopen.com Germany"]
[Round "0"]
[White "Piskov Yury (RUS)"]
[Black "Ftacnik Lubomir (SVK)"]
[Result "1-0"]
[WhiteElo "2442"]
[BlackElo "2535"]

1.d4 Nf6 2.Nf3 g6 3.g3 d5 4.Bg2 Bg7 5.O-O O-O 6.Nbd2 c6 7.c4 Bf5 8.b3 Nbd7
9.Bb2 a5 10.h3 Ne4 11.g4 Nxd2 12.Nxd2 Be6 13.e4 dxc4 14.Nxc4 Bxc4 15.bxc4 c5 (
15...Nb6 16.c5 Nc4 17.Bc3 { ? } ) ( 15...e5 16.d5 { ? } ) 16.Rb1 cxd4 (
16...Qc7 17.e5 { ! } ) 17.Bxd4 e5 { ?! } ( 17...Bxd4 18.Qxd4 Qc7 19.e5 { ?
?b5, ?fb1?? } ) 18.Be3 Qc7 19.Qd5 b6 20.Rfd1 Rfd8 21.Qb5 Bf8 22.Rd5 Be7 (
22...Bc5 23.Rbd1 Bxe3 24.Rxd7 Rxd7 25.Rxd7 Qc5 26.fxe3 Qxe3+ 27.Kf1 Qf4+
28.Ke2 Qh2 { ! } 29.Kf2 Qf4+ 30.Bf3 Qh2+ 31.Ke3 Qf4+ 32.Ke2 Qh2+ 33.Kd1 { ± }
) 23.g5 { ! ? h4, ?h3, ?bd1, ?d7?; 23. ?b6 ?b6 24. ?b6 ?c4? } ( 23.Bxb6 Nxb6
24.Qxb6 Qxc4 { ? } ) 23...Rab8 24.h4 Bf8 ( 24...Bc5 { ?? } 25.Rxd7 { +?? } ) (
24...Nc5 25.Rbd1 { 24... ?c5 25. ?bd1 ? ?h3± } ) 25.Bh3 Nc5 26.f3 Be7 { ? }
27.Kg2 Nd3 28.Rd1 Nf4+ ( 28...Rxd5 29.cxd5 { ! } ( 29.exd5 { ?! } 29...e4 { !
} ) 29...Nf4+ 30.Bxf4 exf4 31.Qc6 { ± } ) 29.Bxf4 exf4 30.Bd7 Bc5 31.e5 Bf8
32.e6 fxe6 33.Bxe6+ Kh8 34.Rd7 Rxd7 35.Rxd7 Qc5 36.Qb2+ { } {#r} 1-0

[Event "Ch Hungary (team) 1992/93"]
[Site "masterchessopen.com Hungary"]
[Round "0"]
[White "Kustar Sandor (HUN)"]
[Black "Csicsay Imre (HUN)"]
[Result "1-0"]
[WhiteElo "2347"]
[BlackElo "2220"]

1.Nf3 Nf6 2.c4 g6 3.g3 Bg7 4.Bg2 O-O 5.O-O c6 6.d4 d5 7.Nbd2 Ne4 8.b3 c5 9.Bb2
cxd4 10.Nxd4 Nxd2 11.Qxd2 e5 12.Nf3 d4 13.Rad1 Qc7 14.e3 dxe3 15.Qxe3 Nc6
16.Rfe1 Bg4 17.h3 Bxf3 18.Bxf3 Nd4 19.Bxd4 exd4 20.Qe7 Qa5 21.Re2 Rad8 22.Qxb7
d3 23.Red2 Rfe8 24.Bd5 Re2 25.Rxd3 Kh8 26.b4 Qa4 27.c5 Qe8 28.Qxf7 Re1+
29.Rxe1 Qxe1+ 30.Kg2 Rf8 31.Re3 Qxb4 32.Re8 Qxc5 33.Qg8+ {#r} 1-0

[Event "Ch Hungary (university)"]
[Site "masterchessopen.com Hungary"]
[Round "2"]
[White "Horvath Peter_ (HUN)"]
[Black "Szava Miklos (HUN)"]
[Result "1-0"]
[WhiteElo "2450"]
[BlackElo "2119"]

1.d4 Nf6 2.Nf3 g6 3.c4 Bg7 4.g3 c6 5.Bg2 d5 6.Nbd2 O-O 7.O-O Ne4 8.b3 Nc3
9.Qe1 dxc4 10.Nxc4 Nb5 11.e3 c5 12.a4 Nc7 13.Bb2 Nca6 14.Rd1 Qc7 15.Rd2 Nc6
16.Qa1 Na5 17.Nxa5 Qxa5 18.d5 Bxb2 19.Qxb2 Rb8 20.Ne5 b5 21.Nc6 Qc7 22.Nxb8
Qxb8 23.axb5 Qxb5 24.Rfd1 Bb7 25.d6 Bxg2 26.dxe7 Re8 27.Kxg2 Rxe7 28.Rd8+ Re8
29.Qf6 {#r} 1-0

[Event "It (open)"]
[Site "masterchessopen.com La Coruna (Spain)"]
[Round "0"]
[White "Solana Suarez Ernesto (ESP)"]
[Black "Komljenovic Davor (CRO)"]
[Result "0-1"]
[WhiteElo "2321"]
[BlackElo "2450"]

1.d4 Nf6 2.Nf3 g6 3.c4 Bg7 4.g3 c6 5.Bg2 d5 6.Nbd2 O-O 7.O-O Bf5 8.b3 Ne4
9.Bb2 a5 10.a3 Qb6 11.c5 Qb5 12.Nxe4 Bxe4 13.a4 Qa6 14.Qd2 Nd7 15.Bh3 Bxf3
16.Bxd7 Qxe2 17.Qxe2 Bxe2 18.Rfe1 Bd3 19.Rxe7 Be4 20.Bh3 Rab8 21.b4 axb4 22.a5
Bf6 23.Rc7 Bd3 24.Ra4 Bd8 25.Rd7 Re8 26.Kg2 Ba6 27.Rxb4 Bxa5 28.Rb3 Re1 29.Bc3
Bxc3 {#R} 0-1

[Event "It"]
[Site "masterchessopen.com Las Palmas (Spain)"]
[Round "0"]
[White "Kurajica Bojan (CRO)"]
[Black "Solana Suarez Ernesto (ESP)"]
[Result "1-0"]
[WhiteElo "2550"]
[BlackElo "2321"]

1.d4 Nf6 2.Nf3 g6 3.g3 Bg7 4.Bg2 O-O 5.O-O d5 6.c4 c6 7.Nbd2 Bf5 8.e3 Qb6
9.Re1 a5 10.b3 Na6 11.a3 Ne4 12.Bb2 Rfd8 13.Rc1 Rac8 14.h3 Nb8 15.Nh4 Nxd2
16.Nxf5 gxf5 17.Qxd2 Qxb3 18.Bc3 dxc4 19.Rb1 Qxa3 20.Rxb7 Rd7 21.Rb6 Ra7
22.Ra1 Qd6 23.Rxa5 Rxa5 24.Bxa5 Nd7 25.Bb4 Qf6 26.Ra6 e6 27.Rxc6 Rxc6 28.Bxc6
Qd8 29.Bxd7 Qxd7 30.Qa2 Qc6 31.Bc5 Qd5 32.Qa4 Qd8 33.Qxc4 h6 34.Qb5 Kh7 35.Qb7
Kg6 36.Be7 Qa5 37.Qc6 h5 38.Bd6 Qd8 39.Kg2 Bf6 40.Kf3 Bg7 41.h4 Qa5 42.Kg2 Qa2
43.Be5 Bxe5 44.dxe5 Qb2 45.Qc7 Qb5 46.Qd8 Qxe5 47.Qg5+ Kh7 48.Qxh5+ Kg7 49.Qf3
Kg6 50.Qd1 Qb2 51.Qd7 Qb3 52.h5+ Kxh5 53.Qxf7+ Kh6 54.Qf6+ Kh7 55.Kh3 Qd5
56.Kh2 Qc6 57.Qh4+ Kg6 58.Qe7 Qd5 59.Qe8+ Kg7 60.Qh5 Qc6 61.Qg5+ Kf7 62.Qf4
Kg6 63.g4 fxg4 64.Kg3 Qc1 65.Qxg4+ Kf6 66.Qf4+ Kg6 67.Kg4 Qd1+ 68.Qf3 Qa4+
69.e4 Qb5 70.Kg3 Qb8+ 71.Qf4 Qb1 72.Kg2 Qb7 73.Qe5 Qa6 74.Kg3 Qa2 75.f3 Kf7
76.Qf4+ Kg6 77.Kh4 Qa5 78.e5 Qa2 79.Qf6+ Kh7 80.Kg3 Kg8 81.Qe7 Qd5 82.Qg5+ Kf7
83.Kh4 Qa2 84.Qh5+ Kg7 85.Qg5+ Kf7 86.Qf6+ Kg8 87.Qf4 Kg7 88.Kh5 Qd5 89.Qf6+
Kh7 90.Qe7+ Kh8 91.Kg6 Qd3+ 92.Kf7 Qh7+ 93.Kxe6 Qg8+ 94.Kf6 Qg3 95.Qe8+ {#r}
1-0